| 000 | 00821nam a22002531i 4500 | ||
|---|---|---|---|
| 001 | 142042 | ||
| 003 | ES-MaACL | ||
| 005 | 20251018063104.0 | ||
| 007 | t| | ||
| 008 | 071002s1981 sp ||||0| spa d | ||
| 016 | 7 |
_zIND2000946396 _zBNE19921846470 _zIBH82023212 |
|
| 020 | _a84-85762-04-5 | ||
| 040 |
_aM-BN _bspa _cCDM |
||
| 080 | _a820(73)-14"19" | ||
| 100 | 1 |
_aWilliams, William Carlos, _d1883-1963 _9242363 |
|
| 245 | 1 | 0 |
_aViaje hacia el amor y otros poemas (1954-1962) / _cWilliam Carlos Williams ; traducción y selección, Carmen Martín Gaite. |
| 260 |
_aMadrid : _bTrieste, _c1981. |
||
| 300 |
_a240 p. ; _c22 cm. |
||
| 500 | _aIndices. | ||
| 700 | 1 |
_aMartín Gaite, Carmen, _d1925-2000 _977496 |
|
| 852 |
_aES-MaACL _jL-3646 _bR.103899 |
||
| 999 |
_c142042 _d142042 |
||